<?xml version="1.0" encoding="UTF-8"?>
<collection xmlns="http://www.loc.gov/MARC21/slim">
 <record>
  <leader>01406nam0a2200265   4500</leader>
  <controlfield tag="001">in00000003477</controlfield>
  <controlfield tag="005">20230113134051.8</controlfield>
  <datafield tag="010" ind1=" " ind2=" ">
   <subfield code="a">978-7-111-68370-4</subfield>
   <subfield code="d">CNY79.00</subfield>
  </datafield>
  <datafield tag="035" ind1=" " ind2=" ">
   <subfield code="a">010560900</subfield>
  </datafield>
  <datafield tag="100" ind1=" " ind2=" ">
   <subfield code="a">20210715d2021    em y0chiy50      ea</subfield>
  </datafield>
  <datafield tag="101" ind1="1" ind2=" ">
   <subfield code="a">chi</subfield>
   <subfield code="c">eng</subfield>
  </datafield>
  <datafield tag="102" ind1=" " ind2=" ">
   <subfield code="a">CN</subfield>
   <subfield code="b">110000</subfield>
  </datafield>
  <datafield tag="105" ind1=" " ind2=" ">
   <subfield code="a">y   z   000yy</subfield>
  </datafield>
  <datafield tag="106" ind1=" " ind2=" ">
   <subfield code="a">r</subfield>
  </datafield>
  <datafield tag="200" ind1="1" ind2=" ">
   <subfield code="a">先天后天</subfield>
   <subfield code="9">xian tian hou tian</subfield>
   <subfield code="e">基因、经验以及什么使我们成为人</subfield>
   <subfield code="e">珍藏版</subfield>
   <subfield code="d">Nature via nurture</subfield>
   <subfield code="e">genes, experience and what makes us human</subfield>
   <subfield code="f">(英)马特·里德利(Matt Ridley)著</subfield>
   <subfield code="g">黄菁菁译</subfield>
   <subfield code="z">eng</subfield>
  </datafield>
  <datafield tag="210" ind1=" " ind2=" ">
   <subfield code="a">北京</subfield>
   <subfield code="c">机械工业出版社</subfield>
   <subfield code="d">2021</subfield>
  </datafield>
  <datafield tag="215" ind1=" " ind2=" ">
   <subfield code="a">346页</subfield>
   <subfield code="d">24cm</subfield>
  </datafield>
  <datafield tag="300" ind1=" " ind2=" ">
   <subfield code="a">华章经管</subfield>
  </datafield>
  <datafield tag="330" ind1=" " ind2=" ">
   <subfield code="a">本书从现代生物学、遗传学与心理学的视角，详细探讨了先天决定论与后天决定论两者的历史脉络与发展，以及两股学术观点如何在近一个世纪的讨论碰撞后最终交融。本书不仅是一个科学发展史的梳理，通过阅读本书，普通人也能从育儿教养、教育培训、体格训练、公司组织等领域获得启迪。</subfield>
  </datafield>
  <datafield tag="510" ind1="1" ind2=" ">
   <subfield code="a">Nature via nurture</subfield>
   <subfield code="e">genes, experience and what makes us human</subfield>
   <subfield code="z">eng</subfield>
  </datafield>
  <datafield tag="606" ind1="0" ind2=" ">
   <subfield code="a">人类基因</subfield>
   <subfield code="j">普及读物</subfield>
  </datafield>
  <datafield tag="690" ind1=" " ind2=" ">
   <subfield code="a">Q987-49</subfield>
   <subfield code="v">5</subfield>
  </datafield>
  <datafield tag="701" ind1=" " ind2="0">
   <subfield code="c">(英)</subfield>
   <subfield code="a">里德利</subfield>
   <subfield code="9">li de li</subfield>
   <subfield code="c">(Ridley, Matt)</subfield>
   <subfield code="4">著</subfield>
  </datafield>
  <datafield tag="702" ind1=" " ind2="0">
   <subfield code="a">黄菁菁</subfield>
   <subfield code="9">huang jing jing</subfield>
   <subfield code="4">译</subfield>
  </datafield>
  <datafield tag="999" ind1="f" ind2="f">
   <subfield code="s">41a481e2-4b98-45f5-b0dd-7af1bbf23468</subfield>
   <subfield code="i">de34b24d-5f02-41fc-8e62-3d48d58dd3d1</subfield>
  </datafield>
 </record>
</collection>
